| 000 -ლიდერი |
| ფიქსირებული სიგრძის საკონტროლო ველი |
01612nam a22002657a 4500 |
| 003 - საკონტროლო ნომრის იდენტიფიკატორი |
| საკონტროლო ველი |
GE_BSU |
| 005 - ბოლო ოპერაციის თარიღი და დრო |
| საკონტროლო ველი |
20190516214207.0 |
| 008 - ფიქსირებული სიგრძის მონაცემთა ელემენტები - ზოგადი ინფორმაცია |
| ფიქსირებული სიგრძის საკონტროლო ველი |
190513s2009 ge ||||| |||| 00| 0 geo d |
| 020 ## - წიგნის საერთაშორისო სტანდარტული ნომერი |
| International Standard Book Number |
9789941412004 |
| 041 ## - ენის კოდი |
| Language code of text/sound track or separate title |
geo |
| 080 ## - უნივერსალური ათობითი კლასიფიკაციის ინდექსი |
| Universal Decimal Classification number |
37.013.42(075.8) მ-47 |
| 100 ## - მთავარი ჩანაწერი - პიროვნების სახელი |
| Personal name |
მეგრელაძე, ციალა |
| 9 (RLIN) |
1081 |
| 245 ## - ცნობა სათაურის შესახებ |
| Title |
სოციალური პედაგოგიკა : |
| Remainder of title |
ბავშვის სოციალური პრობლემები - სკოლის სოციალური მუშაკი / |
| Statement of responsibility, etc |
ციალა მეგრელაძე, ხათუნა მახარაშვილი, გენადი გელაძე.; რედ. ნ. ბარამიძე. |
| 264 ## - წარმოების, გამოცემის, დისტრიბუციის და სხვა ცნობები |
| გამოცემის, წარმოების, დისტრიბუციის... ადგილი |
ბათუმი : |
| გამოცემის, წარმოების, დისტრიბუციის... სახელწოდება |
ბათუმის შოთა რუსთაველის სახელმწიფო უნივერსიტეტი, |
| გამოცემის, წარმოების, დისტრიბუციის... თარიღი |
2009. |
| 300 ## - ფიზიკური აღწერა |
| Extent |
166 გვ.; |
| Other physical details |
19 სმ. |
| 504 ## - BIBLIOGRAPHY, ETC. NOTE |
| Bibliography, etc |
ბიბლიოგრ. : გვ. 160-163. |
| 653 ## - INDEX TERM--UNCONTROLLED |
| Uncontrolled term |
პედაგოგიკა |
| 653 ## - INDEX TERM--UNCONTROLLED |
| Uncontrolled term |
სოციალური პედაგოგიკა |
| 700 ## - ADDED ENTRY--PERSONAL NAME |
| Personal name |
მახარაშვილი, ხათუნა |
| Relator term |
ავტორი |
| 9 (RLIN) |
1082 |
| 700 ## - ADDED ENTRY--PERSONAL NAME |
| Personal name |
გელაძე, გენადი |
| Relator term |
ავტორი |
| 9 (RLIN) |
1083 |
| 700 ## - ADDED ENTRY--PERSONAL NAME |
| Personal name |
ბარამიძე, ნ. |
| Relator term |
რედაქტორი |
| 9 (RLIN) |
1284 |
| 700 ## - ADDED ENTRY--PERSONAL NAME |
| Personal name |
ბიბილეიშვილი, იური |
| Relator term |
რედაქტორი |
| 9 (RLIN) |
800 |
| 700 ## - ADDED ENTRY--PERSONAL NAME |
| Personal name |
თავდგირიძე, ლელა |
| Relator term |
რედაქტორი |
| 9 (RLIN) |
1294 |
| 942 ## - ADDED ENTRY ELEMENTS (KOHA) |
| Source of classification or shelving scheme |
|
| Koha item type |
წიგნი |